[Event "Sandnes CC-ch B"]
[Site "Sandnes"]
[Date "2016.??.??"]
[Round "7"]
[White "Narheim, Mats"]
[Black "Jensen, Lars Vognsen"]
[Result "0-1"]
[WhiteElo "1405"]
[BlackElo "1634"]
[PlyCount "52"]
[EventDate "2016.02.02"]
[EventType "tourn"]
[EventRounds "7"]
[EventCountry "NOR"]
[SourceTitle "EXT 2024"]
[Source "ChessBase"]
[SourceDate "2023.10.10"]
[SourceVersion "1"]
[SourceVersionDate "2023.10.10"]
[SourceQuality "1"]

1. e4 b6 2. Nf3 Bb7 3. Nc3 e6 4. d4 Bb4 5. Bd2 Nf6 6. e5 Nd5 7. Nxd5 Bxd2+ 8. Qxd2 Bxd5 9. Bd3 Bb7 10. Qe3 Qe7 11. 0-0 Na6 12. c3 c5 13. Be4 Bxe4 14. Qxe4 Rb8 15. Rac1 0-0 16. Qh4 Qxh4 17. Nxh4 cxd4 18. cxd4 Rbc8 19. Nf3 Nb4 20. a3 Nd3 21. Rc3 Rxc3 22. bxc3 Rc8 23. Ne1 Nf4 24. g3 Ne2+ 25. Kg2 Rxc3 26. Nf3 Rxa3 0-1

[Event "Sandnes Hast op"]
[Site "Sandnes"]
[Date "2014.09.02"]
[Round "5"]
[White "Jensen, Lars Vognsen"]
[Black "Narheim, Mats"]
[Result "1-0"]
[WhiteElo "1285"]
[BlackElo "915"]
[PlyCount "41"]
[EventDate "2014.09.02"]
[EventType "swiss"]
[EventRounds "7"]
[EventCountry "NOR"]
[SourceTitle "EXT 2017"]
[Source "ChessBase"]
[SourceDate "2016.10.25"]
[SourceVersion "1"]
[SourceVersionDate "2016.10.25"]
[SourceQuality "1"]

1. e4 c5 2. Nf3 Nc6 3. d4 cxd4 4. Nxd4 Nf6 5. Nc3 d6 6. Bb5 Bd7 7. 0-0 e5 8. Nde2 g6 9. Bg5 Bg7 10. Qxd6 Be6 11. Bxc6+ bxc6 12. Qxc6+ Bd7 13. Qc5 Bf8 14. Qxe5+ Be7 15. Bxf6 Rf8 16. Nd5 Be6 17. Bxe7 Qxe7 18. Nxe7 Kxe7 19. Nd4 Rad8 20. Nc6+ Ke8 21. Nxd8 1-0

[Event "Sandnes Hast op"]
[Site "Sandnes"]
[Date "2014.09.02"]
[Round "7"]
[White "Jensen, Lars Vognsen"]
[Black "Shehzad, Kasher"]
[Result "1-0"]
[WhiteElo "1285"]
[BlackElo "1280"]
[PlyCount "99"]
[EventDate "2014.09.02"]
[EventType "swiss"]
[EventRounds "7"]
[EventCountry "NOR"]
[SourceTitle "EXT 2017"]
[Source "ChessBase"]
[SourceDate "2016.10.25"]
[SourceVersion "1"]
[SourceVersionDate "2016.10.25"]
[SourceQuality "1"]

1. e4 e5 2. Nf3 Nc6 3. Bc4 Bc5 4. c3 Qf6 5. d3 h6 6. 0-0 d6 7. Be3 Bb6 8. Nbd2 g5 9. Bxb6 axb6 10. a4 g4 11. Ne1 h5 12. b4 h4 13. Nb3 Qg6 14. Qd2 g3 15. fxg3 f6 16. gxh4 Ke7 17. Qf2 Bd7 18. b5 Na5 19. Nxa5 bxa5 20. Bb3 Nh6 21. Kh1 Ng4 22. Qg3 Qh5 23. Nf3 Raf8 24. h3 Nh6 25. Rae1 Be6 26. Bd1 Rhg8 27. Qh2 Qg6 28. d4 f5 29. Ng5 fxe4 30. dxe5 Bd5 31. Bc2 b6 32. exd6+ cxd6 33. Rxf8 Rxf8 34. Qg1 Nf5 35. Qxb6 Nxh4 36. Qe3 Rf5 37. Bxe4 Re5 38. Bxg6 Rxe3 39. Rxe3+ Kf6 40. Be4 Bxe4 41. Nxe4+ Ke5 42. Nxd6+ Kxd6 43. g4 Ng6 44. b6 Nf4 45. c4 Kc6 46. c5 Nd5 47. Re6+ Kb7 48. g5 Nf4 49. Re7+ Kb8 50. c6 1-0

[Event "Sandnes CC-ch"]
[Site "Sandnes"]
[Date "2014.02.04"]
[Round "6"]
[White "Dahle, Harald M"]
[Black "Jensen, Lars Vognsen"]
[Result "0-1"]
[WhiteElo "1050"]
[BlackElo "1289"]
[PlyCount "104"]
[EventDate "2014.02.04"]
[EventType "swiss"]
[EventRounds "7"]
[EventCountry "NOR"]
[SourceTitle "EXT 2017"]
[Source "ChessBase"]
[SourceDate "2016.10.25"]
[SourceVersion "1"]
[SourceVersionDate "2016.10.25"]
[SourceQuality "1"]

1. e4 e5 2. Nf3 Nc6 3. Bb5 Bc5 4. Nc3 Nge7 5. a3 0-0 6. 0-0 d6 7. h3 a6 8. Ba4 Be6 9. b4 Ba7 10. Rb1 b5 11. Bb3 Bxb3 12. Rxb3 Nd4 13. Nxd4 Bxd4 14. d3 f5 15. Kh1 f4 16. f3 Rf6 17. Ne2 Bb6 18. Bd2 Qd7 19. Be1 Rh6 20. Bf2 Rf8 21. Bxb6 cxb6 22. Ng1 d5 23. Rb1 Rff6 24. Qe1 d4 25. Qf2 g5 26. Rfd1 Rfg6 27. Rbc1 g4 28. fxg4 Rxg4 29. Nf3 Nc6 30. Nh2 Rg3 31. Nf1 Rg5 32. Nh2 a5 33. bxa5 bxa5 34. c3 Rhg6 35. Rg1 dxc3 36. Rxc3 Nd4 37. Nf3 Nxf3 38. Qxf3 Qd4 39. Rb3 Rg3 40. Qd1 f3 41. Rxb5 f2 42. Qb3+ Kg7 43. Rb7+ Kh6 44. Rxh7+ Kxh7 45. Qf7+ Kh6 46. Qf8+ Kg5 47. Qf5+ Kh4 48. Rd1 Rxg2 49. Qf3 Rg1+ 50. Kh2 Rxd1 51. Qxd1 Rg1 52. Qd2 f1N# 0-1

[Event "Sandnes CC-ch"]
[Site "Sandnes"]
[Date "2014.02.04"]
[Round "1"]
[White "Ponce, Trond Magne"]
[Black "Jensen, Lars Vognsen"]
[Result "1/2-1/2"]
[WhiteElo "1069"]
[BlackElo "1289"]
[PlyCount "101"]
[EventDate "2014.02.04"]
[EventType "swiss"]
[EventRounds "7"]
[EventCountry "NOR"]
[SourceTitle "EXT 2017"]
[Source "ChessBase"]
[SourceDate "2016.10.25"]
[SourceVersion "1"]
[SourceVersionDate "2016.10.25"]
[SourceQuality "1"]

1. e4 e5 2. Nf3 Nc6 3. Nc3 Nf6 4. Bb5 d6 5. d3 h6 6. 0-0 a6 7. Ba4 Be7 8. Be3 0-0 9. h3 Be6 10. Ne2 Qc8 11. Ng3 Na5 12. Qd2 b6 13. Nh4 Nxe4 14. dxe4 Bxh4 15. Bxh6 gxh6 16. Qxh6 Qd8 17. Nh5 Qg5 18. Qxg5+ Bxg5 19. c3 b5 20. Bc2 c5 21. f4 Be7 22. f5 Bc4 23. Rf3 f6 24. Rg3+ Kh8 25. Rg6 Rf7 26. b3 Rg8 27. Rxg8+ Kxg8 28. bxc4 Nxc4 29. Bb3 Kh7 30. Ng3 Kg7 31. Nf1 Bf8 32. a4 Rb7 33. axb5 axb5 34. Bxc4 bxc4 35. Ne3 Rb3 36. Nd5 Kh6 37. Ra4 Kg5 38. Rxc4 Kh4 39. Kh2 Rb2 40. Ra4 Bh6 41. Ra1 Bg5 42. Rg1 Re2 43. Rf1 Rxe4 44. g3+ Kh5 45. h4 Bxh4 46. gxh4 Rxh4+ 47. Kg3 Rg4+ 48. Kf3 Kg5 49. Rf2 Rh4 50. Kg3 Rg4+ 51. Kf3 1/2-1/2